| 000 | 00917nam a2200253Ia 4500 | ||
|---|---|---|---|
| 005 | 20220316235700.0 | ||
| 008 | 121119s2003 ck a gre 000 0 spa | ||
| 020 | _a9586154955 | ||
| 041 | 1 | _aspa | |
| 082 | 0 | 4 |
_aR 036 _bE51 |
| 245 | 0 | 3 |
_aLa enciclopedia de los niños _ctraducción, Jeannette Insignares M. |
| 250 | _aPrimera edición | ||
| 300 |
_a992 páginas _bilustraciones _c28 cm |
||
| 650 | 1 | 4 |
_aCiencias _xEnseñanza elemental _vEnciclopedias _2LEMB |
| 650 | 1 | 4 |
_aEcología _xEnseñanza elemental _vEnciclopedias _2LEMB |
| 650 | 1 | 4 |
_aCiencias sociales _xEnseñanza elemental _vEnciclopedias _2LEMB |
| 700 | 1 |
_aInsignares M., Jeannette _etraductor _940258 |
|
| 942 |
_2ddc _cREF |
||
| 264 |
_aBogotá _bEducar Cultural Recreativa _c2003 |
||
| 336 |
_atexto _btxt _2rdacontent |
||
| 337 |
_asin mediación _bn _2rdamedia |
||
| 338 |
_avolumen _bnc _2rdacarrier |
||
| 040 |
_aCO-BoRNBP _bspa _erda _cCO-BoRNBP |
||
| 999 |
_c1809 _d1809 |
||